Random World Capitals By Picture - Statistics

General Stats
  • This quiz has been taken 734 times
    726 since last reset
  • The average score is 11 of 16
Answer Stats
Picture Answer % Correct
Moscow
99%
Athens
93%
Berlin
92%
Washington DC
89%
Tokyo
87%
Kuala Lumpur
84%
Vatican City
78%
Nairobi
70%
Prague
68%
Beijing
59%
Pyongyang
59%
Reykjavik
45%
Riyadh
43%
Cairo
38%
Brasilia
33%
Mexico City
22%
No matching quizzes found
Score Distribution
Percent of People with Each Score
Percentile by Number Answered
Your Score History
You have not taken this quiz since the last reset